Compendio di Diritto Processuale penale

Bibliographic Details
Main Author: Ambrogio, Stefano
Format: eBook
Language:Italian
Published: [Piacenza] : Casa Editrice La Tribuna, 2011.
Subjects:
Online Access:Acceso restringido

MARC

LEADER 00000nam a22000007a 4500
005 20110902150026.0
008 110902t2011 it ||||s|||| 00| 0 ita d
035 |a 5625 
040 |a vLex 
090 |c 2361  |d 2361 
100 1 |a Ambrogio, Stefano 
245 1 0 |a Compendio di Diritto Processuale penale  |c Stefano Ambrogio  |h [Recurso electrn̤ico] / 
256 |a Servicio en ln̕ea. 
260 |a [Piacenza] :  |b Casa Editrice La Tribuna,  |c 2011. 
300 |a 1 recurso electrn̤ico 
506 1 |a Contenido solo disponible en los productos indicados  |d vLex Global  |d vLex Global (Academic Edition, excluding Law Schools)  |d vLex Global (U.S. Academic Edition, Law Schools)  |d vLex Global (U.S. Academic Edition, excluding Law Schools)  |d vLex Global (Academic Edition, Law Schools) 
650 0 4 |a Derecho Penal  |z Italia 
740 0 |a vLex Libros (Servicio en ln̕ea) 
856 4 0 |u http://vlex.com/source/compendio-diritto-processuale-penale-5625  |z Acceso restringido 
942 |c BOOK